| 000 | 01092cam a22003254a 4500 | ||
|---|---|---|---|
| 001 | 12402384 | ||
| 003 | EG-ScBUE | ||
| 005 | 20220905103335.0 | ||
| 008 | 010508t2002 nyua f b 001 0 eng d | ||
| 020 | _a0471333654 (cloth : alk. paper) | ||
| 020 | _a9780471333654 | ||
| 040 |
_aEG-ScBUE _beng _erda _cEG-ScBUE _dEG-ScBUE |
||
| 082 | 0 | 4 |
_a720.1 _222 _bGRO |
| 100 | 1 |
_aGroat, Linda N., _eauthor. _932858 |
|
| 245 | 1 | 0 |
_aArchitectural Research Methods / _cLinda Groat and David Wang. |
| 264 | 1 |
_aNew York, NY : _bJohn Wiley & Sons, Inc., _c[2002] |
|
| 264 | 4 | _cc2002 | |
| 300 |
_axvii, 389 pages : _billustrations ; _c24 cm |
||
| 336 |
_2rdacontent _atext _btxt |
||
| 337 |
_2rdamedia _aunmediated _bn |
||
| 338 |
_2rdacarrier _avolume _bnc |
||
| 504 | _aIncludes bibliographical references and index. | ||
| 650 | 7 |
_aArchitecture _xResearch. _2BUEsh _932859 |
|
| 650 | 7 |
_aArchitecture _xStudy and teaching. _2BUEsh _932860 |
|
| 651 | _2BUEsh | ||
| 653 |
_cMarch2013 _cApril2013 _bENGARC |
||
| 655 |
_vReading book _934232 |
||
| 700 | 1 |
_aWang, David, _d1954- _eauthor. _932861 |
|
| 942 |
_2ddc _cBB |
||
| 999 |
_c17366 _d17338 |
||